马来西亚的民族团结与教育 (Record no. 70000)
[ view plain ]
| 000 -LEADER | |
|---|---|
| fixed length control field | 00485nam a22001697a 4500 |
| 008 - FIXED-LENGTH DATA ELEMENTS--GENERAL INFORMATION | |
| fixed length control field | 230731b |||||||| |||| 00| 0 eng d |
| 020 ## - INTERNATIONAL STANDARD BOOK NUMBER | |
| International Standard Book Number | 978-7-219-09110-4 |
| 082 ## - DEWEY DECIMAL CLASSIFICATION NUMBER | |
| Call number | 535.9 |
| Item number | ABDU |
| 100 ## - MAIN ENTRY--PERSONAL NAME | |
| Personal name | ABDUL RAHMAN ARSHAD |
| 245 ## - TITLE STATEMENT | |
| Title | 马来西亚的民族团结与教育 |
| Remainder of title | UNITY AND EDUCATION IN MALAYSIA |
| 250 ## - EDITION STATEMENT | |
| Edition statement | 初版 |
| 260 ## - PUBLICATION, DISTRIBUTION, ETC. | |
| Place of publication, distribution, etc. | 马来西亚 |
| Name of publisher, distributor, etc. | 广西人民出版社 |
| Date of publication, distribution, etc. | 2014 |
| 300 ## - PHYSICAL DESCRIPION | |
| Extent | 168页 |
| Materials specified | 平装 |
| 365 ## - TRADE PRICE | |
| Price | RM28.00 |
| 500 ## - GENERAL NOTE | |
| Remark | 2022-08-20上架 |
| 942 ## - ADDED ENTRY ELEMENTS (KOHA) | |
| Source of classification or shelving scheme | |
| Koha item type | Book |
| Withdrawn status | Lost status | Source of classification or shelving scheme | Damaged status | Not for loan | Home library | Current library | Date acquired | Full call number | Barcode | Date last seen | Price effective from | Koha item type |
|---|---|---|---|---|---|---|---|---|---|---|---|---|
| Malaysian Public Library, Research and Development Centre | Malaysian Public Library, Research and Development Centre | 31/07/2023 | 535.9 ABDU | 00062707 | 31/07/2023 | 31/07/2023 | Book |
